Agroindustrias en la Argentina (Registro nro. 4729)
[ vista simple ]
| 000 -LEADER | |
|---|---|
| fixed length control field | 01064 a2200217 4500 |
| 001 - CONTROL NUMBER | |
| control field | 48792 |
| 005 - DATE AND TIME OF LATEST TRANSACTION | |
| control field | 20260407155754.0 |
| 008 - FIXED-LENGTH DATA ELEMENTS--GENERAL INFORMATION | |
| fixed length control field | 260407a1990 arg spa d |
| 003 - CONTROL NUMBER IDENTIFIER | |
| control field | AR-UNSa-BCEJYS |
| 040 ## - CATALOGING SOURCE | |
| Original cataloging agency | AR-UNSa-BCEJYS |
| Language of cataloging | spa |
| Transcribing agency | AR-UNSa-BCEJYS |
| 080 ## - UNIVERSAL DECIMAL CLASSIFICATION NUMBER | |
| Universal Decimal Classification number | 338.45:631(82) |
| Common auxiliary subdivision | Industrias Agrícolas Argentinas |
| 020 ## - INTERNATIONAL STANDARD BOOK NUMBER | |
| International Standard Book Number | 950-25-1340-1 |
| 100 1# - MAIN ENTRY--PERSONAL NAME | |
| Personal name | Gutman, Graciela E. |
| 245 10 - TITLE STATEMENT | |
| Title | Agroindustrias en la Argentina |
| Name of part/section of a work | cambios organizativos y productivos (1970-1190) |
| 264 #1 - PRODUCTION, PUBLICATION, DISTRIBUTION, MANUFACTURE, AND COPYRIGHT NOTICE | |
| Place of production, publication, distribution, manufacture | Buenos Aires : |
| Name of producer, publisher, distributor, manufacturer | CEPAL |
| Date of production, publication, distribution, manufacture, or copyright notice | 1990 |
| 300 ## - PHYSICAL DESCRIPTION | |
| Extent | 262 p. |
| Dimensions | 21 cm. |
| 505 ## - FORMATTED CONTENTS NOTE | |
| Formatted contents note | Primera Parte: 1. El sector industrial agroalimentario argentino - 2. Transformación tecnológica en la agroindustria de alimentos en Argentina - SEGUNDA PARTE: 3. Subsistema lácteo - 4. Subsistema aceites vegetales - 5. Subsistema arrocero - 6. Subsistema citrícola - 7. La actividad frutícola en el Alto Valle del Río Negro - 8. Reestructuración de las relaciones productivas en la agroindustria regional. |
| 590 ## - LOCAL NOTE (RLIN) | |
| Local note | niveau_biblio:m niveau_hierar:0 |
| 700 1# - ADDED ENTRY--PERSONAL NAME | |
| Personal name | Gatto, Francisco |
| 942 ## - ADDED ENTRY ELEMENTS (KOHA) | |
| Koha item type | |
| Withdrawn status | Lost status | Damaged status | Not for loan | Home library | Current library | Shelving location | Date acquired | Total checkouts | Full call number | Barcode | Date last seen | Price effective from | Koha item type |
|---|---|---|---|---|---|---|---|---|---|---|---|---|---|
| Biblioteca Prof. Eusebio Cleto del Rey | Biblioteca Prof. Eusebio Cleto del Rey | 07/04/2026 | 338.45:631(82) G983 | L58563 | 07/04/2026 | 07/04/2026 | Libro | ||||||
| Biblioteca Prof. Eusebio Cleto del Rey | Biblioteca Prof. Eusebio Cleto del Rey | 07/04/2026 | 338.45:631(82) G983 | L58565 | 07/04/2026 | 07/04/2026 | Libro | ||||||
| Biblioteca Prof. Eusebio Cleto del Rey | Biblioteca Prof. Eusebio Cleto del Rey | 07/04/2026 | 338.45:631(82) G983 | L58564 | 07/04/2026 | 07/04/2026 | Libro | ||||||
| Biblioteca Prof. Eusebio Cleto del Rey | Biblioteca Prof. Eusebio Cleto del Rey | 07/04/2026 | 338.45:631(82) G983 | L86782 | 07/04/2026 | 07/04/2026 | Libro | ||||||
| Biblioteca Prof. Eusebio Cleto del Rey | Biblioteca Prof. Eusebio Cleto del Rey | 07/04/2026 | 338.45:631(82) G983 | L85639 | 07/04/2026 | 07/04/2026 | Libro | ||||||
| Biblioteca Prof. Eusebio Cleto del Rey | Biblioteca Prof. Eusebio Cleto del Rey | 07/04/2026 | 338.45:631(82) G983 | L58566 | 07/04/2026 | 07/04/2026 | Libro | ||||||
| Biblioteca Prof. Eusebio Cleto del Rey | Biblioteca Prof. Eusebio Cleto del Rey | 07/04/2026 | 338.45:631(82) G983 | L58562 | 07/04/2026 | 07/04/2026 | Libro |